00498nam a22001817a 450000500170000001000310001702000260004803500200007403500130009403700220010708200060012910000190013524500360015426000390019027000560022930000190028550000120030420190918141839.0 a1819CHEN B-717999-718019 a9789382196600c395.00 aB-717999-718019 aB-730060 bSharda Prakashan  aS aLawrence, D.H. aGlad ghosts /cby D.H. Lawrence aNew DelhibSharda Prakashan c2017 aF-3/16, Ansari Road, Darya GanjbNew Delhi e110002 a46p.c22cm(Hb) aAirport